| 000 | 00891cam a2200277 4500 | ||
|---|---|---|---|
| 999 |
_c22060 _d22060 |
||
| 001 | 2184290 | ||
| 003 | BDDh-ASL | ||
| 005 | 20231015030100.0 | ||
| 008 | 710511s1970 ii b 001 0 eng | ||
| 010 | _a 70915221 | ||
| 040 |
_aDLC _cDLC _dDLC _dBDDh-ASL |
||
| 043 | _aa-ii--- | ||
| 050 | 0 | 0 |
_aDS461 _b.G73 1970 |
| 082 |
_a954.297 _bGRM |
||
| 100 | 1 | _aGrewal, J. S. | |
| 245 | 1 | 0 |
_aMuslim rule in India : _bthe assessments of British historians / _c[by] J. S. Grewal. |
| 260 |
_a[Calcutta] _bIndian Branch, Oxford University Press, _c1970. |
||
| 300 |
_axvi, 218 p. : _c22 cm. |
||
| 350 | _aRs22.50 | ||
| 500 | _aA revision of the author's thesis, University of London, 1962. | ||
| 504 | _aBibliography: p. [194]-212. | ||
| 651 | 0 |
_aIndia _xHistory _y1526-1765. |
|
| 651 | 0 |
_aIndia _xHistoriography. |
|
| 906 |
_a7 _bcbc _corignew _d4 _encip _f19 _gy-gencatlg |
||
| 942 |
_2ddc _cBK |
||